| 000 | 01237nam a2200349 i 4500 | ||
|---|---|---|---|
| 001 | 016333289 | ||
| 003 | OSt | ||
| 005 | 20201128021219.0 | ||
| 008 | 130902t2014 xxka frbd 001 0 eng d | ||
| 020 | _a9780273789956 (pbk.) | ||
| 020 | _a0273789953 (pbk.) | ||
| 040 |
_aStDuBDS _beng _cStDuBDS _dUk _dEG-ScBUE |
||
| 082 | 0 | 0 |
_a658.15 _222 _bKEO |
| 100 | 1 |
_aKeown, Arthur J. _936855 |
|
| 245 | 1 | 0 |
_aFoundations of finance : _bthe logic and practice of financial management / _cArthur J. Keown, John D. Martin, J. William Petty. |
| 250 |
_a8th ed., _bglobal ed. |
||
| 260 |
_aHarlow, United Kingdom : _bPearson Education Limited, _cc.2014. |
||
| 300 |
_a548 p. : _bill. (col.) ; _c28 cm. |
||
| 490 | 1 | _aThe Pearson series in finance | |
| 490 | 0 | _aAlways learning | |
| 500 | _aPrevious edition: London: Prentice Hall, 2011. | ||
| 500 | _aGlossary : p. 531-538. | ||
| 500 | _aIncludes indexes. | ||
| 504 | _aIncludes bibliographical references. | ||
| 650 | 0 |
_aCorporations _xFinance _92321 |
|
| 653 |
_bBUSADM _cFebruary2015 |
||
| 655 |
_vreading book _934232 |
||
| 700 | 1 |
_aMartin, John D., _d1945- _936762 |
|
| 700 | 1 |
_aPetty, J. William, _d1942- _937448 |
|
| 830 | 4 |
_aPearson series in finance _934961 |
|
| 942 |
_2ddc _k658.15 KEO |
||
| 999 |
_c18995 _d18967 |
||